000 00980nam a2200253Ia 4500
003 OSt
005 20220930202529.0
006 a|||||r|||| 00| 0
007 ta
008 220926b |||||||| |||| 00| 0 eng d
024 _a27765
037 _cDissertations
040 _aCRL
_cCRL
_beng
041 _2eng
_aeng
100 _aPathak Ranga Nath
_9197234
110 _aUniversity of Delhi. Faculty of Medical Sciences. Department of Paediatric Surgery
245 0 _aAssessment of the severity of pediatric multiple trauma using the modified injury severity scale and the pediatric trauma score and evaluation of changes in the immune status following trauma
260 _c1988
650 _aCHILDREN - DISEASES
700 _a Dr B G Matapurkar Supervisor
_9559703
700 _aUniversity of Delhi. Faculty of Medical Sciences. Department of Paediatric Surgery
942 _cDIS
_2CC
999 _c903278
_d903278